| 000 | 00894nam a2200217 a 4500 | ||
|---|---|---|---|
| 001 | 000043350 | ||
| 005 | 20201002040833.0 | ||
| 008 | 140310s2002 sp 000 0 spa d | ||
| 020 | _a8483074699 | ||
| 040 |
_aDO-SdBNP _bspa _cBNPHU |
||
| 100 | 1 |
_aKepel, Gilles _970992 |
|
| 240 | 1 | 0 | _aChronique d´une guerre d´oriente (automme 2001) suivi de Bréve Chronique d´Israël et de Palestine (avril-mai 2001) |
| 245 | 1 | 0 |
_aCrónica de una guerra de Oriente : _b(otoño de 2001); seguido de Breve crónica de Israel y Palestina (abril-mayo de 2001) / _cGilles Kepel; traducción de Marga Latorre. |
| 260 |
_aBarcelona, : _bPenínsula, _c2002. |
||
| 300 |
_a109 p. ; _c23 cm. |
||
| 490 | 1 |
_aAtalaya _v101 |
|
| 700 | 1 | 2 |
_aLatorre, Marga _etrad. _970993 |
| 700 | 1 | 2 |
_aLatorre, Marga _etrad. _970993 |
| 740 | 0 | _aBreve crónica de Israel y Palestina (abril-mayo de 2001) | |
| 830 | 0 |
_aAtalaya _n101 _970994 |
|
| 999 |
_c42839 _d42839 |
||